| 000 | 00469nam a22001577a 4500 | ||
|---|---|---|---|
| 005 | 20250207165343.0 | ||
| 008 | 250207b |||||||| |||| 00| 0 eng d | ||
| 020 | _a9780716751199 | ||
| 050 |
_aRC454 _b.C6343 |
||
| 100 | _aComer, Ronald J. | ||
| 245 |
_aFundamentals of Abnormal Psychology/ _cRonald J. Comer |
||
| 250 | _a3rd ed. | ||
| 260 |
_aNew York _bWorth Publishers _c2002 |
||
| 300 |
_axxv. 499. various paging. _bill. color _c27.5cm |
||
| 942 |
_2lcc _cBK _e3rd ed. _n0 |
||
| 999 |
_c3564 _d3564 |
||